|
|
|
|
| LEADER |
00000nkmaa2200000 a 4500 |
| 001 |
vtls011544995 |
| 003 |
SK-MaSNL |
| 005 |
20260331210848.0 |
| 007 |
kh bo |
| 008 |
230802e1980 xo | |||0 k|slo |
| 035 |
|
|
|a urn:nbn:sk:snk-km00cpry
|
| 035 |
|
|
|a urn:nbn:sk:snk-km3lr3f
|
| 035 |
|
|
|a E840DDCB-9943-4FE3-BEE1-22CFCD5B1479
|
| 040 |
|
|
|a SNKLA
|b slo
|c SNKLA
|e AACR2
|
| 041 |
0 |
|
|a slo
|
| 044 |
|
|
|a xo
|c SK
|
| 100 |
1 |
|
|a Lašut, Filip,
|d 1945-2012
|4 pht
|9 151668
|
| 245 |
1 |
0 |
|a [Slávnosť 165. výročia narodenia Ľudovíta Štúra v Uhrovci]
|h grafika
|
| 260 |
|
|
|a [S.l.
|b s.n.]
|c 1980
|
| 300 |
|
|
|a 1 fotografia
|b čb
|c 13 x 18 cm
|
| 520 |
2 |
|
|a Zobrazenie: Otvorenie novej expozície v rodnom dome Ľ. Štúra v Uhrovci pri príležitosti 165. výročia narodenia, Uhrovec, 29.10.1980. Na obr.: zľava Mišo A. Kováč, Ondrej Staňo, Ján Hučko, Mária Piačková, Vladimír Mináč, Štefan Krivuš, Viliam Záborský, Anna Michalíková, Štefan Bolebruch a iní.
|
| 600 |
1 |
7 |
|a Štúr, Ľudovít,
|d 1815-1856
|2 SNKMA
|9 92872
|
| 600 |
1 |
7 |
|a Kováč-Adamov, Mišo
|d 1930-
|2 SNKLA
|9 707440
|
| 600 |
1 |
7 |
|a Staňo, Ondrej
|2 SNKLA
|9 355559
|
| 600 |
1 |
7 |
|a Hučko, Ján,
|d 1929-2001
|2 SNKMA
|9 13721
|
| 600 |
1 |
7 |
|a Piačková, Mária
|2 SNKLA
|9 489790
|
| 600 |
1 |
7 |
|a Mináč, Vladimír,
|d 1922-1996
|2 SNKMA
|9 103107
|
| 600 |
1 |
7 |
|a Krivuš, Štefan,
|d 1925-2011
|2 SNKMA
|9 196141
|
| 600 |
1 |
7 |
|a Záborský, Viliam,
|d 1920-1982
|2 SNKMA
|9 106871
|
| 600 |
1 |
7 |
|a Michalíková, Anna
|2 SNKLA
|9 5126
|
| 600 |
1 |
7 |
|a Bolebruch, Štefan
|2 SNKLA
|9 444574
|
| 611 |
2 |
7 |
|a slávnosť 165. výročia narodenia Ľudovíta Štúra
|d 1980
|c Uhrovec, Slovensko
|9 341393
|
| 650 |
0 |
7 |
|a rodné domy
|2 SNKPH
|9 91319
|
| 651 |
|
7 |
|a Uhrovec (Slovensko)
|2 SNKPH
|9 29315
|
| 655 |
|
7 |
|a fotografie
|2 SNKPH
|9 70713
|
| 852 |
7 |
|
|a Slovenská národná knižnica
|b Literárny archív
|
| 958 |
|
|
|a ZO
|
| 958 |
|
|
|a BLA
|
| 999 |
|
|
|c 1102183
|d 1104113
|
| 952 |
|
|
|a SNKLA
|b SNKLA
|c SNKLA_DEP
|y NEVYP
|7 0
|p 17A1008055
|o snkK 19/322
|i snkLA 1082/1981
|0 0
|1 0
|4 0
|d 2016-04-13
|f 1
|l 0
|r 2026-02-24 17:34:34
|w 2026-02-24
|